000
00338nam a2200145Ia 4500
008
240624s9999 xx 000 0 und d
041
_a
eng
082
_a
658.45 EME
100
_a
EMERY SUE
245
_a
OUTLOOK LEVEL 3
260
_c
2007
_a
Australia
_b
Thomson/Heinle
300
_a
144 : p. : cm. ; 28
365
_c
RS
_b
10
440
_v
2
999
_c
10720
_d
10720